000 00577nam a2200181Ia 4500
008 131103s9999 xx 000 0 und d
020 _a8175962453
_cRs 695
040 _aLoreto College
041 _aEnglish
082 _a030/NAT(Ref)
_bLCLIB/44720
245 _aNobel Prize winners in pictures
_b (1901-2003)
_cPrepared by National Council of Science Museums, India
260 _aDelhi
_bFoundation Books
_c2005
300 _axiv,177p
_b ill
_c CD
650 _aNobel Prize
700 _aIndia, National Council of Science Museums
850 _aLCLIB/030/NAT
942 _cBK
999 _c12915
_d63394